000 03323nam a2200289Ia 4500
003 OSt
005 20210809155357.0
008 210310s2015 sp ad fr 000 0dspa d
020 _a9788436833072
040 _aCO-JMCR
_cCO-JMCR
041 0 _aspa
082 0 4 _a332.6 /
_bB641t
_223
100 1 _aBlanco Ramos, Francisco,
_916814
_eautor
245 1 0 _aTeoría de la inversión /
_cFrancisco Blanco Ramos, Máximo Ferrando Bolado, María Fernanda Martínez Lobato
260 _aMadrid :
_bEdiciones Pirámide,
_c2015
300 _a406 páginas :
_bilustraciones y gráficas a blanco y negro ;
_c24 cm.
490 0 _aColección economía y empresa
500 _aIncluye notas a pie de página y datos biográficos de los autores.
504 _aBibliografía: páginas 401-406
505 0 _aDirección financiera de la empresa: decisiones de inversión productivas -- Selección de inversiones productivas con certeza y sin apalancamiento -- Selección de inversiones productivas con riesgo y /o apalancamiento -- Inversiones financieras y tasa de retorno requerida
520 3 _aEsta obra se ocupa, por una parte, del tratamiento de las inversiones económico activos a tareas productivas empresas y, por otra, de las inversiones financieras que realizan los inversores particulares o institucionales y de la tasa de retorno requerida o ajustada al riesgo de ambos tipos de inversión. En la parte primera, de carácter introductorio, se estudian la función financiera de la empresa y su objetivo financiero, se define el proyecto de inversión y cómo se determinan los flujos netos de caja, y se analiza el significado económico de la capitalización y del descuento. En la parte segunda se plantean los criterios tradicionales de selección de inversiones (VAN y TIR) en situaciones muy alejadas de la realidad -suponiendo mercados de capitales perfectos, situaciones de certeza, sin endeudamiento, etc- con la finalidad de hacer así más fácil su comprensión por el alumno. Posteriormente, en la parte tercera, estos supuestos restrictivos se van abandonando progresivamente hasta plantear el problema en toda su dimensión criterio VAN en situaciones de riesgo, análisis de sensibilidad, interrelación de las decisiones de inversión y de financiación, etc. Por último, en la parte cuarta, se aborda la selección de inversiones financieras por parte de un inversor que pretende formar una cartera eficiente de activos financieros en un universo rentabilidad-riesgo y se determina cuál es la tasa de rentabilidad ajustada al riesgo que exige el mercado de capitales a una inversión real o financiera. En la medida de lo posible, se ha intentado que todos los capítulos tengan un enfoque teórico-práctico. En unos casos las explicaciones teóricas están acompañadas de ejercicios resueltos, mientras que en otros los ejemplos numéricos son la base del propio razonamiento teórico. Además, todos los capítulos terminan siempre con un ejercicio de aplicación y una batería de preguntas de tipo test cuyas respuestas correctas se recogen al final de libro.
650 1 4 _aInversión financiera
_916816
650 2 4 _aTeoría de la Inversión
_939210
700 1 _aFerrando Bolado, Máximo,
_eautor
_939211
700 1 _aMartínez Lobato, María Fernanda,
_eautora
_939212
942 _2ddc
_cBK
999 _c8274
_d8274